[Event "St Petersburg Korchnoi Memorial op"]
[Site "St Petersburg"]
[Date "2024.08.19"]
[Round "5"]
[White "Dudkin, Mikhail Dm"]
[Black "Esaulov, Aleksandr"]
[Result "1-0"]
[WhiteElo "1770"]
[BlackElo "1577"]
[PlyCount "115"]
[EventDate "2024.08.17"]
[EventType "swiss"]
[EventRounds "9"]
[EventCountry "RUS"]
[SourceTitle "EXT 2025"]
[Source "ChessBase"]
[SourceDate "2024.10.14"]
[SourceVersion "1"]
[SourceVersionDate "2024.10.14"]
[SourceQuality "1"]

1. e4 e6 2. Qe2 c6 3. g3 d5 4. d3 Nf6 5. Bg2 Bc5 6. Nf3 0-0 7. 0-0 Na6 8. e5 Nd7 9. h4 Nc7 10. Bf4 Nb5 11. c3 b6 12. Nbd2 Ba6 13. h5 Be7 14. Nh2 Bg5 15. Qg4 Bxf4 16. Qxf4 Nc7 17. c4 Nc5 18. Qe3 h6 19. b4 Nd7 20. Rac1 Rc8 21. Ndf3 f5 22. exf6 Nxf6 23. Ne5 Bb7 24. Qe2 Qd6 25. a3 c5 26. b5 Nxh5 27. Ng6 Rf5 28. Rce1 Rg5 29. Nh4 Rf8 30. N2f3 Rg4 31. Qe5 Qxe5 32. Nxe5 Rg5 33. Nef3 Rg4 34. Bh3 Nf6 35. Bxg4 Nxg4 36. Ne5 Nxe5 37. Rxe5 Rf6 38. Ng2 Rf3 39. Re3 Rf5 40. a4 d4 41. Re2 Kf7 42. a5 Rf3 43. Rd1 Ne8 44. axb6 axb6 45. Ra2 Nd6 46. Ra7 Kf8 47. Nf4 e5 48. Rxb7 Nxb7 49. Kg2 Rxf4 50. gxf4 exf4 51. Kf3 g5 52. Ra1 Nd6 53. Ra6 Ke7 54. Rxb6 Ke6 55. Rc6 Ke5 56. Rxc5+ Kf6 57. Kg4 Ke6 58. b6 1-0